Kit #2 Armas de destrucción masiva (Registro nro. 12123)
[ vista simple ]
| 000 -LÍDER | |
|---|---|
| fixed length control field | 00469nom a22001457a 4500 |
| 005 - FECHA DE ÚLTIMA TRANSACCION | |
| control field | 20220609164214.0 |
| 008 - ELEMENTOS DE DATOS - INFORMACIÓN GENERAL | |
| fixed length control field | 190712b xxu||||| |||| 00| 0 spa d |
| 041 ## - CÓDIGO DE LENGUAJE | |
| Código de idioma de texto / pista de sonido o título separado | SPA |
| 082 ## - NÚMERO DE ACTIVO | |
| N° Activo | ACT-1765 |
| 245 ## - TÍTULO | |
| Título | Kit #2 Armas de destrucción masiva |
| 500 ## - NOTA GENERAL | |
| Nota general | Contiene 11 heridas de armas de destrucción masiva.<br/><br/>Se prestan para el mismo día, hasta las 7:50 pm |
| 650 ## - ASIENTO SECUNDARIO DE MATERIA - TÉRMINO DE MATERIA | |
| Término temático | MODELOS ANATÓMICOS |
| 650 ## - ASIENTO SECUNDARIO DE MATERIA - TÉRMINO DE MATERIA | |
| Término temático | ARMAS DE DESTRUCCIÓN MASIVA |
| 942 ## - AÑADIDO ENTRADA ELEMENTOS ( Koha ) | |
| Koha tipo de ítem | Modelo Anatómico |
| Withdrawn status | Estado | Estado físico | Not for loan | Precio de compra | Total Checkouts | Clasificación | Número de inscripción | Date last seen | Tipo de ítem | Date checked out |
|---|---|---|---|---|---|---|---|---|---|---|
| 30000.00 | Kit #2 | ACT-1765 | 12/07/2019 | Modelo Anatómico | ||||||
| Amputación de manos | DM01 | 12/07/2019 | Modelo Anatómico | |||||||
| 1 | Amputación del brazo inferior | DM02 | 08/04/2022 | Modelo Anatómico | 08/04/2022 | |||||
| 1 | Amputación de pierna | DM03 | 08/04/2022 | Modelo Anatómico | 08/04/2022 | |||||
| 1 | Ántrax - herida en la frente | DM04 | 18/03/2022 | Modelo Anatómico | 18/03/2022 | |||||
| Herida de gas mostaza - cara | DM05 | 12/07/2019 | Modelo Anatómico | |||||||
| 6 | Ántrax - doble herida en la cara | DM06 | 24/03/2025 | Modelo Anatómico | 24/03/2025 | |||||
| Herida de viruela - 2do día, cara | DM07 | 12/07/2019 | Modelo Anatómico | |||||||
| Herida de viruela - 8º día, cara | DM08 | 12/07/2019 | Modelo Anatómico | |||||||
| Cara sarin | DM09 | 12/07/2019 | Modelo Anatómico | |||||||
| Cara sarin | DM10 | 12/07/2019 | Modelo Anatómico | |||||||
| Cara sarin | DM11 | 12/07/2019 | Modelo Anatómico |